| 000 | 00575nam a2200217Ia 4500 | ||
|---|---|---|---|
| 003 | OSt | ||
| 005 | 20260107190534.0 | ||
| 008 | 210423s2007 xx 000 0 und d | ||
| 020 | _a852267843 | ||
| 040 | _cAL | ||
| 041 | _aEnglish | ||
| 082 |
_a541.35 _bMUKF |
||
| 100 |
_aRohatgi-Mukherje K K _951551 |
||
| 245 | _aFundamentals of photochemistry | ||
| 260 |
_aNew Delhi _bNew Age International _c2007 |
||
| 300 |
_axiv, 371p. _bPB _c23x15cm. |
||
| 365 |
_b220 _cINR |
||
| 650 |
_aPhotochemistry _951552 |
||
| 906 | _aFundamentals ; photochemistry. | ||
| 942 |
_2ddc _cBK |
||
| 999 |
_c153840 _d153840 |
||